Прогнозирование урожайности с учотом динамики агрометеорологических факторов научное издание

में बचाया:
ग्रंथसूची विवरण
अन्य लेखक: Ашабоков, Б.А (автор), Бисчоков, Р.М
स्वरूप: SerialComponentPart
भाषा:d
टैग: टैग जोड़ें
कोई टैग नहीं, इस रिकॉर्ड को टैग करने वाले पहले व्यक्ति बनें!

MARC

LEADER 00000nab a2200000 i 4500
001 in00000000662
005 20251126075658.8
002 07АшабоЗФАДУСУПЕАГИЧРРМКРНОООЛТОАТЖГЕОММОАНДРЕИМЙОЕОТКНЗЛВЕИОИИОСРЕРТООИВЛАОНГИИЕЧЕСКИХ
008 080130u9999ru_ rus d
035 |a ( UA-KiNSAL)07АшабоЗФАДУСУПЕАГИЧРРМКРНОООЛТОАТЖГЕОММОАНДРЕИМЙОЕОТКНЗЛВЕИОИИОСРЕРТООИВЛАОНГИИЕЧЕСКИХ 
040 |a UA-KiNSAL  |b ukr  |c UA-KiNSAL 
090
100 1 |a Ашабоков, Б.А.,   |e автор. 
245 1 0 |a Прогнозирование урожайности с учотом динамики агрометеорологических факторов :   |b научное издание /   |c Б. А. Ашабоков, Р. М. Бисчоков 
530 |a Original record   |u https://kubg.libs.net.ua/kubg_recs/0000020078.txt 
700 1 |a Бисчоков, Р.М.  |e автор 
773 0 |t Земледелие  |d М..- 2007. - №4.  |g 2007. - №4., С. 9. 
942 |2 UDC  |c ARTICLE 
952 |b книга  |z 20080201  |i Земледелие  |j 07АшабоЗФАДУСУПЕАГИЧРРМКРНОООЛТОАТЖГЕОММОАНДРЕИМЙОЕОТКНЗЛВЕИОИИОСРЕРТООИВЛАОНГИИЕЧЕСКИХ  |o    |c 1 
920 |a ASP 
961 |a 691 
991 0 0 |a 07АшабоЗФАДУСУПЕАГИЧРРМКРНОООЛТОАТЖГЕОММОАНДРЕИМЙОЕОТКНЗЛВЕИОИИОСРЕРТООИВЛАОНГИИЕЧЕСКИХ 
997 |a 0000020078 
998 |a 20078 
999 f f |i 77789f08-a209-4f32-9be1-f04d80366909  |s 54f0bf4e-0b5d-4e08-8609-7cd50d805b9c  |t 0